|
|
|
|
| LEADER |
01575nam a22003137a 4500 |
| 001 |
33454 |
| 003 |
BD-DhAAL |
| 005 |
20250623155633.0 |
| 008 |
180724t1993 bg a|||| b||| 001 0 ben d |
| 020 |
|
|
|a 9840729020
|
| 040 |
|
|
|a BD-DhAAL
|d BD-DhAAL
|
| 041 |
|
|
|a ben
|
| 082 |
|
|
|a 582.095492
|2 19
|
| 100 |
|
|
|a মনিরুজ্জামান, এফ. এম.
|9 27475
|
| 245 |
|
|
|a উদ্ভিদ সংহিতা,
|n ২য় খণ্ড /
|b এফ. এম. মনিরুজ্জামান
|
| 246 |
|
|
|a Udvid samhita
|
| 246 |
|
|
|a a compendium of plants in Bangladesh
|
| 250 |
|
|
|a প্রথম প্রকাশ.
|
| 260 |
|
|
|a ঢাকা :
|b বাংলা একাডেমী,
|c ১৯৯৩.
|
| 300 |
|
|
|a ৩৯৬ পৃষ্ঠা :
|b চিত্র ;
|c ২৫ সে. মি.
|
| 362 |
|
|
|a Vol. 2
|
| 504 |
|
|
|a গ্রন্থপঞ্জিগত নির্দেশিকা ও নিঘন্ট অন্তভূক্ত (পৃষ্ঠা [৩৬৯]-৩৭০)
|
| 526 |
|
|
|a ARC
|
| 541 |
|
|
|a Department of Architecture
|e 33454
|
| 650 |
|
|
|a Plants
|z Bangladesh.
|9 27476
|
| 852 |
|
|
|a Department of Architecture
|c General Stacks
|
| 942 |
|
|
|2 ddc
|c BK
|
| 999 |
|
|
|c 39953
|d 39953
|
| 952 |
|
|
|0 0
|1 0
|2 ddc
|4 0
|6 582_095492000000000_MAN
|7 0
|9 64025
|a BRACUL
|b BRACUL
|c GEN
|d 2018-07-24
|e Department of Architecture
|l 0
|o 582.095492 MAN
|p 3010033454
|r 2018-07-24
|t 1
|w 2018-07-24
|y BK
|x lost from the ARC department library and approved by the Dean (reasons personal books withdrawn by Hasibul Kabir Sir and Building shifting) Found on 23/10/2025 in the Library
|